[Event "1. Bundesliga 2014/2015"]
[Site "Feffernitz, St. Veit/Glan, Mayrhofen"]
[Date "2015.02.27"]
[Round "6"]
[Board "4"]
[White "Platzgummer, Fabian"]
[Black "Diermair, Andreas"]
[Result "1/2-1/2"]
[WhiteElo "2332"]
[BlackElo "2463"]
[PlyCount "114"]
[EventDate "2014.11.20"]
[EventType "team"]
[EventRounds "11"]
[EventCountry "AUT"]
[WhiteTeam "Mayrhofen/SK Zell/Zillertal"]
[BlackTeam "SV Raika Rapid Feffernitz"]

1. Nf3 Nf6 2. g3 b5 3. Bg2 Bb7 4. O-O e6 5. b3 c5 6. c4 bxc4 7. bxc4 Be7 8. Nc3
O-O 9. Rb1 Bc6 10. d3 d6 11. Qb3 Nbd7 12. Qa3 a6 13. Bf4 Nh5 14. Bd2 d5 15. Ne1
Nhf6 16. Nc2 Qc7 17. Bf4 Bd6 18. cxd5 Nxd5 19. Bxd6 Qxd6 20. Ne4 Qe7 21. Rfc1
Rfc8 22. Qa5 f5 23. Nc3 Nxc3 24. Qxc3 Bxg2 25. Kxg2 Qd6 26. Kg1 Rab8 27. Na3
Rxb1 28. Rxb1 Rb8 29. Rb3 h6 30. Nc4 Qc7 31. Nd2 Qd6 32. Qc2 Kh7 33. Rc3 Rb5
34. Nb3 Qb6 35. e4 Ne5 36. Rxc5 Nf3+ 37. Kh1 Nd4 38. Rxb5 Nxb5 39. Qc5 Qd8 40.
Qe3 Qd6 41. h4 Nc3 42. Kh2 Nxa2 43. exf5 exf5 44. Qf3 Qf6 45. Qf4 Nc3 46. d4
Nd5 47. Qf3 Ne7 48. Qd3 Qd6 49. Nc5 a5 50. Kg1 Qd5 51. Na4 Qe6 52. Qd2 Qb3 53.
Qxa5 Qd1+ 54. Kh2 Qe2 55. Kg1 Qd1+ 56. Kh2 Qxd4 57. Qc5 Qxa4 1/2-1/2

[Event "1. Bundesliga 2014/2015"]
[Site "Feffernitz, St. Veit/Glan, Mayrhofen"]
[Date "2015.02.27"]
[Round "6"]
[Board "5"]
[White "Sebenik, Matej"]
[Black "Tabernig, Bernhard"]
[Result "1/2-1/2"]
[WhiteElo "2515"]
[BlackElo "2328"]
[PlyCount "75"]
[EventDate "2014.11.20"]
[EventType "team"]
[EventRounds "11"]
[EventCountry "AUT"]
[WhiteTeam "SV Raika Rapid Feffernitz"]
[BlackTeam "Mayrhofen/SK Zell/Zillertal"]

1. Nf3 Nf6 2. c4 e6 3. g3 a6 4. Bg2 b5 5. b3 Bb7 6. Nc3 b4 7. Na4 d6 8. d4 Nbd7
9. O-O Be7 10. a3 a5 11. axb4 axb4 12. Be3 c5 13. dxc5 dxc5 14. Ne1 Bxg2 15.
Kxg2 Ng4 16. Bf4 Nge5 17. Nd3 Nxd3 18. Qxd3 Ra7 19. Qf3 O-O 20. Rad1 Qa8 21.
Bd6 Qxf3+ 22. exf3 Bxd6 23. Rxd6 Rc7 24. f4 h6 25. Rfd1 Nf6 26. Kf3 Re8 27. g4
g5 28. f5 Kg7 29. fxe6 fxe6 30. h3 Kf7 31. Ke3 h5 32. f3 hxg4 33. hxg4 Rh8 34.
Rb6 Rh3 35. Kf2 Rh2+ 36. Ke3 Rh3 37. Kf2 Rh2+ 38. Ke3 1/2-1/2

[Event "1. Bundesliga 2014/2015"]
[Site "Feffernitz, St. Veit/Glan, Mayrhofen"]
[Date "2015.02.27"]
[Round "6"]
[Board "6"]
[White "Kupfner, Franz"]
[Black "Fauland, Alexander"]
[Result "0-1"]
[WhiteElo "2200"]
[BlackElo "2433"]
[PlyCount "138"]
[EventDate "2014.11.20"]
[EventType "team"]
[EventRounds "11"]
[EventCountry "AUT"]
[WhiteTeam "Mayrhofen/SK Zell/Zillertal"]
[BlackTeam "SV Raika Rapid Feffernitz"]

1. Nf3 Nf6 2. c4 e6 3. g3 a6 4. Bg2 b5 5. b3 Bb7 6. O-O c5 7. Bb2 Nc6 8. d3 Be7
9. Nbd2 d6 10. e4 e5 11. Re1 O-O 12. Nf1 bxc4 13. bxc4 Qa5 14. Ne3 Rfb8 15. Nf5
Bc8 16. Nxe7+ Nxe7 17. Qc1 Ra7 18. Bc3 Qa4 19. Nh4 Ne8 20. f4 f6 21. Rf1 Nc6
22. Rf2 Nd4 23. h3 Bd7 24. Kh2 Rab7 25. Nf5 Nxf5 26. exf5 Bc6 27. g4 Bxg2 28.
Rxg2 Qc6 29. Qe3 exf4 30. Qxf4 d5 31. Re1 Qc7 32. Qxc7 Nxc7 33. Rge2 Kf8 34.
Kg3 d4 35. Ba5 Ne8 36. Kf4 Rb2 37. h4 Rxe2 38. Rxe2 Rb1 39. Bd8 Rf1+ 40. Ke4 h5
41. Kd5 hxg4 42. Be7+ Kf7 43. Bxc5 Rxf5+ 44. Kxd4 g3 45. Rg2 Rf4+ 46. Ke3 Rxh4
47. Rxg3 g5 48. Rg2 Ng7 49. Bb6 Ke6 50. Kd2 Nf5 51. Re2+ Kd7 52. Rf2 Ke6 53.
Re2+ Kf7 54. Kc3 g4 55. d4 Rh3+ 56. Kb4 g3 57. d5 Rh2 58. Re1 Rb2+ 59. Kc5 g2
60. Kc6 Rc2 61. Re4 Ne7+ 62. Kd7 Ng6 63. Kc7 f5 64. Re1 Rxc4+ 65. Kb7 Rb4 66.
d6 Ne5 67. Kc7 Rxb6 68. Kxb6 f4 69. Kc7 Kf6 0-1

[Event "1. Bundesliga 2014/2015"]
[Site "Feffernitz, St. Veit/Glan, Mayrhofen"]
[Date "2015.02.27"]
[Round "6"]
[Board "1"]
[White "Stevic, Hrvoje"]
[Black "Rozentalis, Eduardas"]
[Result "1/2-1/2"]
[WhiteElo "2594"]
[BlackElo "2549"]
[PlyCount "82"]
[EventDate "2014.11.20"]
[EventType "team"]
[EventRounds "11"]
[EventCountry "AUT"]
[WhiteTeam "SV Wolfsberg"]
[BlackTeam "SK Hohenems"]

1. e4 e6 2. d4 d5 3. exd5 exd5 4. Nf3 Bg4 5. h3 Bh5 6. Qe2+ Qe7 7. Be3 Nc6 8.
g4 Bg6 9. Nc3 O-O-O 10. O-O-O Nb4 11. Ne1 Nf6 12. a3 Nc6 13. f3 Na5 14. Bf4 Nc4
15. Qxe7 Bxe7 16. h4 h6 17. Ng2 Bd6 18. Bxd6 Nxd6 19. Nf4 c6 20. Nce2 Bh7 21.
Ng3 Nd7 22. Bd3 Bxd3 23. Nxd3 Rde8 24. Rde1 Rxe1+ 25. Rxe1 Re8 26. Rxe8+ Nxe8
27. Nf5 Nf8 28. c3 Ne6 29. Kd2 Kc7 30. Ne5 f6 31. Nf7 Kd7 32. Ke3 a5 33. h5 Nd8
34. Nxd8 Kxd8 35. a4 Kd7 36. Kd3 Nd6 37. Nxg7 Ke7 38. b4 Kf7 39. Nf5 Nxf5 40.
gxf5 b6 41. bxa5 bxa5 1/2-1/2

[Event "1. Bundesliga 2014/2015"]
[Site "Feffernitz, St. Veit/Glan, Mayrhofen"]
[Date "2015.02.27"]
[Round "6"]
[Board "2"]
[White "Bindrich, Falko"]
[Black "Jovanovic, Zoran"]
[Result "1/2-1/2"]
[WhiteElo "2609"]
[BlackElo "2530"]
[PlyCount "48"]
[EventDate "2014.11.20"]
[EventType "team"]
[EventRounds "11"]
[EventCountry "AUT"]
[WhiteTeam "SK Hohenems"]
[BlackTeam "SV Wolfsberg"]

1. d4 d6 2. Nf3 g6 3. e4 Nf6 4. Nc3 Bg7 5. Be2 O-O 6. O-O c6 7. h3 Nbd7 8. e5
Ne8 9. Bf4 dxe5 10. dxe5 Nc7 11. Qc1 Ne6 12. Bh6 Qc7 13. Bxg7 Kxg7 14. Qe3 Qb6
15. Qxb6 Nxb6 16. Rfd1 a5 17. Rd2 Rd8 18. Rxd8 Nxd8 19. Rd1 Ne6 20. Bf1 Nc5 21.
Rd4 Ne6 22. Rd2 Nc5 23. Rd4 Ne6 24. Rd2 Nc5 1/2-1/2

[Event "1. Bundesliga 2014/2015"]
[Site "Feffernitz, St. Veit/Glan, Mayrhofen"]
[Date "2015.02.27"]
[Round "6"]
[Board "4"]
[White "Atlas, Valery"]
[Black "Hresc, Vladimir"]
[Result "1-0"]
[WhiteElo "2433"]
[BlackElo "2400"]
[PlyCount "159"]
[EventDate "2014.11.20"]
[EventType "team"]
[EventRounds "11"]
[EventCountry "AUT"]
[WhiteTeam "SK Hohenems"]
[BlackTeam "SV Wolfsberg"]

1. e4 e5 2. Nf3 Nf6 3. Nxe5 d6 4. Nf3 Nxe4 5. Nc3 Nxc3 6. dxc3 Nc6 7. Be3 Be7
8. Qd2 Bf6 9. O-O-O Bf5 10. Rg1 Qd7 11. h3 O-O 12. Be2 Rfe8 13. Kb1 Rad8 14. g4
Be6 15. Ng5 Bxg5 16. Bxg5 f6 17. Be3 Qf7 18. b3 Kh8 19. Rg3 a6 20. f4 Ne7 21.
c4 c5 22. f5 Bc8 23. Bxc5 Nc6 24. Bb6 Rd7 25. Bf3 g6 26. Bd5 Qf8 27. Be6 Rg7
28. Bxc8 Rxc8 29. fxg6 Rxg6 30. Qxd6 Qxd6 31. Rxd6 f5 32. Rd7 fxg4 33. hxg4 Rg7
34. Rxg7 Kxg7 35. Rd3 Rf8 36. Kb2 Kg6 37. Rd6+ Rf6 38. c5 Ne5 39. Bd8 Rxd6 40.
cxd6 Nxg4 41. Kc3 Ne5 42. Bh4 Kf5 43. Bg3 Nd7 44. Kd4 Ke6 45. c4 h5 46. c5 Nf6
47. b4 Kd7 48. Bh4 Ng4 49. a4 b5 50. axb5 axb5 51. Ke4 Ke6 52. Bg3 h4 53. Bxh4
Ne5 54. Be1 Nc6 55. Bc3 Nd8 56. Kf4 Nc6 57. Kg5 Nb8 58. Kg6 Nc6 59. Kg7 Nb8 60.
Kf8 Kd7 61. Kf7 Nc6 62. Kf6 Nb8 63. Ke5 Nc6+ 64. Kd5 Nd8 65. Bd2 Nc6 66. Be1
Na7 67. c6+ Nxc6 68. Kc5 Na7 69. Bg3 Nc6 70. Kxb5 Nd8 71. Kc5 Kc8 72. b5 Kd7
73. Kb6 Kc8 74. Be5 Nf7 75. Bg3 Nd8 76. Bh4 Nf7 77. Be7 Ne5 78. Ka7 Nc4 79. b6
Na5 80. Ka8 1-0

[Event "1. Bundesliga 2014/2015"]
[Site "Feffernitz, St. Veit/Glan, Mayrhofen"]
[Date "2015.02.27"]
[Round "6"]
[Board "5"]
[White "Reichmann, Egon"]
[Black "Froewis, Georg"]
[Result "1-0"]
[WhiteElo "2283"]
[BlackElo "2434"]
[PlyCount "87"]
[EventDate "2014.11.20"]
[EventType "team"]
[EventRounds "11"]
[EventCountry "AUT"]
[WhiteTeam "SV Wolfsberg"]
[BlackTeam "SK Hohenems"]

1. d4 d5 2. Nf3 Nf6 3. c4 e6 4. Nc3 c6 5. Bg5 dxc4 6. a4 a6 7. g3 Bb4 8. e4 h6
9. Bxf6 Qxf6 10. Bxc4 c5 11. e5 Qe7 12. O-O cxd4 13. Qxd4 O-O 14. Ne4 Nc6 15.
Qe3 Bd7 16. Rfd1 Rfd8 17. Bd3 Qf8 18. Qf4 Be7 19. Nf6+ Bxf6 20. exf6 g6 21. Be4
Rac8 22. Rac1 Be8 23. Rxd8 Rxd8 24. Qc7 Qd6 25. Qxb7 Na5 26. Qc7 Qxc7 27. Rxc7
Bxa4 28. b4 Bb5 29. Ne5 Nb3 30. Bxg6 Rd1+ 31. Kg2 Bf1+ 32. Kf3 Nd4+ 33. Ke3
Nf5+ 34. Bxf5 exf5 35. Nxf7 Re1+ 36. Kf4 Re4+ 37. Kxf5 Bd3 38. Nxh6+ Kh8 39.
Nf7+ Kg8 40. Kg5 Rxb4 41. Nh6+ Kh8 42. Rc8+ Kh7 43. f7 Rb5+ 44. Kf4 1-0

[Event "1. Bundesliga 2014/2015"]
[Site "Feffernitz, St. Veit/Glan, Mayrhofen"]
[Date "2015.02.27"]
[Round "6"]
[Board "6"]
[White "Novkovic, Milan"]
[Black "Waldmann, Gerald"]
[Result "1-0"]
[WhiteElo "2380"]
[BlackElo "2031"]
[PlyCount "166"]
[EventDate "2014.11.20"]
[EventType "team"]
[EventRounds "11"]
[EventCountry "AUT"]
[WhiteTeam "SK Hohenems"]
[BlackTeam "SV Wolfsberg"]

1. d4 d5 2. Nf3 Nf6 3. c4 c6 4. e3 a6 5. b3 Bg4 6. Nbd2 e6 7. Bd3 Nbd7 8. Bb2
Bd6 9. Qc2 Qe7 10. Ne5 Bh5 11. O-O Ng4 12. Nxg4 Bxg4 13. e4 Bf4 14. exd5 cxd5
15. cxd5 exd5 16. Rfe1 Be6 17. Nf3 h6 18. Bc1 Bd6 19. Bf5 O-O 20. Bxe6 fxe6 21.
Qe2 Rfe8 22. Bb2 Rac8 23. Qd3 Qf6 24. Re2 Rc6 25. Rc2 Rec8 26. Rac1 Nb8 27.
Rxc6 Rxc6 28. Rxc6 Nxc6 29. Bc3 Qf4 30. g3 Qf6 31. Kg2 Ne7 32. Ba5 Qf5 33. Qxf5
Nxf5 34. Kf1 Kf7 35. Ke2 Ne7 36. Bc3 Nc6 37. Kd3 Kf6 38. h3 g5 39. Bd2 Kf5 40.
g4+ Kg6 41. h4 Be7 42. hxg5 hxg5 43. a4 Bf6 44. Bc3 Be7 45. Ng1 Bb4 46. Bb2 Bd6
47. Nf3 Nb4+ 48. Ke2 Nc6 49. Bc3 Be7 50. Kd3 Bd6 51. Bd2 Be7 52. Bc1 Nb4+ 53.
Ke2 Nc6 54. Bd2 Bf6 55. Kd3 Be7 56. Ne5+ Nxe5+ 57. dxe5 Bc5 58. f3 Bb6 59. Bb4
Kf7 60. Bd6 Ke8 61. Ke2 Kd7 62. Bb4 Bd8 63. Bd2 Kc6 64. Kd3 Kd7 65. Be3 Be7 66.
Kc3 Bd8 67. Bc5 Bc7 68. Kd4 Bd8 69. Bb4 Bb6+ 70. Kd3 Bc7 71. Bd2 Bxe5 72. Bxg5
Bg7 73. f4 Kd6 74. Bh4 e5 75. fxe5+ Bxe5 76. Bf2 Bf4 77. Be3 Be5 78. g5 Ke6 79.
Bd4 Bd6 80. g6 b5 81. axb5 axb5 82. Ke3 Be7 83. Kf4 Bd6+ {Flag!!} 1-0

[Event "1. Bundesliga 2014/2015"]
[Site "Feffernitz, St. Veit/Glan, Mayrhofen"]
[Date "2015.02.27"]
[Round "6"]
[Board "1"]
[White "Prohaszka, Peter"]
[Black "Ragger, Markus"]
[Result "0-1"]
[WhiteElo "2597"]
[BlackElo "2661"]
[PlyCount "108"]
[EventDate "2014.11.20"]
[EventType "team"]
[EventRounds "11"]
[EventCountry "AUT"]
[WhiteTeam "SV Jacques Lemans St. Veit"]
[BlackTeam "Schachclub MPOE Maria Saal"]

1. Nf3 Nf6 2. g3 g6 3. b3 Bg7 4. Bb2 b6 5. d4 d5 6. Bg2 O-O 7. O-O Bb7 8. c4
Na6 9. cxd5 Nxd5 10. Nbd2 c5 11. Nc4 Rc8 12. dxc5 Bxb2 13. Nxb2 Nxc5 14. Qd4
Ne6 15. Qe5 Qc7 16. Rfd1 Nc3 17. Rd2 Ne4 18. Rdd1 Nc3 19. Rd2 Rfd8 20. Rxd8+
Rxd8 21. Qe3 Qc5 22. Qxc5 Nxc5 23. Bf1 Bxf3 24. exf3 Rd2 25. b4 Ne6 26. Rc1
Rxb2 27. Rxc3 Rxb4 28. Rc8+ Kg7 29. Kg2 a5 30. f4 Nc5 31. Rc6 Rb2 32. Bc4 Ne4
33. a4 Rxf2+ 34. Kg1 Rb2 35. Bb5 Nc5 36. Rc7 Rb4 37. Rxe7 Nxa4 38. Bc6 Nc3 39.
Ra7 a4 40. Be8 Kf8 41. Bxf7 Nb5 42. Rd7 a3 43. Be6 Rb2 44. Rf7+ Ke8 45. Rxh7
Nd4 46. Bd5 a2 47. Bxa2 Rxa2 48. Rg7 b5 49. f5 Nf3+ 50. Kf1 Nxh2+ 51. Kg1 gxf5
52. Rb7 Rb2 53. Rh7 Nf3+ 54. Kf1 Ng5 0-1

[Event "1. Bundesliga 2014/2015"]
[Site "Feffernitz, St. Veit/Glan, Mayrhofen"]
[Date "2015.02.27"]
[Round "6"]
[Board "2"]
[White "Rapport, Richard"]
[Black "Antoniewski, Rafal"]
[Result "1-0"]
[WhiteElo "2709"]
[BlackElo "2543"]
[PlyCount "69"]
[EventDate "2014.11.20"]
[EventType "team"]
[EventRounds "11"]
[EventCountry "AUT"]
[WhiteTeam "Schachclub MPOE Maria Saal"]
[BlackTeam "SV Jacques Lemans St. Veit"]

1. b3 d5 2. Bb2 Nf6 3. e3 c6 4. Ne2 Nbd7 5. d4 g6 6. g3 Bg7 7. Bg2 O-O 8. Nf4
Re8 9. Nd3 c5 10. Nd2 Qc7 11. c4 cxd4 12. exd4 dxc4 13. Nxc4 Nb6 14. Ne3 Rd8
15. Rc1 Qb8 16. O-O Nbd5 17. Re1 e6 18. Ne5 Qd6 19. N3c4 Qb8 20. Ba3 Bf8 21.
Bxf8 Rxf8 22. Qd2 Kg7 23. h4 Rd8 24. Bf3 Ne7 25. h5 Nfg8 26. Qa5 Bd7 27. Qa3
Be8 28. h6+ Kf8 29. d5 exd5 30. Ng4 Qc7 31. Bxd5 Rxd5 32. Qb2 f6 33. Nxf6 Nxf6
34. Qxf6+ Bf7 35. Qh8+ 1-0

[Event "1. Bundesliga 2014/2015"]
[Site "Feffernitz, St. Veit/Glan, Mayrhofen"]
[Date "2015.02.27"]
[Round "6"]
[Board "3"]
[White "Bosiocic, Marin"]
[Black "Predojevic, Borki"]
[Result "1/2-1/2"]
[WhiteElo "2556"]
[BlackElo "2618"]
[PlyCount "60"]
[EventDate "2014.11.20"]
[EventType "team"]
[EventRounds "11"]
[EventCountry "AUT"]
[WhiteTeam "SV Jacques Lemans St. Veit"]
[BlackTeam "Schachclub MPOE Maria Saal"]

1. Nf3 f5 2. d3 d6 3. e4 e5 4. Nc3 Nc6 5. exf5 Nge7 6. Bg5 h6 7. Bxe7 Bxe7 8.
d4 exd4 9. Nxd4 Nxd4 10. Qxd4 Bxf5 11. Bc4 Bf6 12. Qe3+ Qe7 13. Qxe7+ Bxe7 14.
Nd5 Kd7 15. Nxe7 Rae8 16. Kd2 Rxe7 17. Rae1 Rhe8 18. c3 c6 19. a3 Rxe1 20. Rxe1
Rxe1 21. Kxe1 d5 22. Be2 Kd6 23. Kd2 c5 24. Ke3 b6 25. f4 a5 26. g3 Bd7 27. Bf3
Be8 28. Be2 Bd7 29. Bf3 Be8 30. Be2 Bd7 1/2-1/2

[Event "1. Bundesliga 2014/2015"]
[Site "Feffernitz, St. Veit/Glan, Mayrhofen"]
[Date "2015.02.27"]
[Round "6"]
[Board "4"]
[White "Buhmann, Rainer"]
[Black "Rogic, Davor"]
[Result "1/2-1/2"]
[WhiteElo "2583"]
[BlackElo "2547"]
[PlyCount "48"]
[EventDate "2014.11.20"]
[EventType "team"]
[EventRounds "11"]
[EventCountry "AUT"]
[WhiteTeam "Schachclub MPOE Maria Saal"]
[BlackTeam "SV Jacques Lemans St. Veit"]

1. d4 d5 2. c4 c6 3. Nf3 Nf6 4. Nc3 g6 5. cxd5 cxd5 6. Bf4 Nc6 7. e3 Bg7 8. h3
O-O 9. Bd3 a6 10. O-O Bf5 11. Bxf5 gxf5 12. Ne5 Rc8 13. Rc1 e6 14. Nd3 Qe7 15.
Na4 Nd7 16. Nac5 Nxc5 17. Rxc5 b6 18. Rc3 Nb4 19. Nxb4 Qxb4 20. Rb3 Qa5 21. Ra3
Qb5 22. Rb3 Qa5 23. Ra3 Qb5 24. Rb3 Qa5 1/2-1/2

[Event "1. Bundesliga 2014/2015"]
[Site "Feffernitz, St. Veit/Glan, Mayrhofen"]
[Date "2015.02.27"]
[Round "6"]
[Board "5"]
[White "Hoelzl, Franz"]
[Black "Naumann, Alexander"]
[Result "0-1"]
[WhiteElo "2333"]
[BlackElo "2542"]
[PlyCount "86"]
[EventDate "2014.11.20"]
[EventType "team"]
[EventRounds "11"]
[EventCountry "AUT"]
[WhiteTeam "SV Jacques Lemans St. Veit"]
[BlackTeam "Schachclub MPOE Maria Saal"]

1. d4 Nf6 2. c4 g6 3. Nc3 d5 4. e3 Bg7 5. Qb3 e6 6. Qa3 Nc6 7. Nf3 Ne7 8. Qa4+
c6 9. Be2 O-O 10. O-O Nf5 11. Qc2 b6 12. Rd1 Nd6 13. b3 Bb7 14. Bb2 Rc8 15.
Rac1 Qe7 16. c5 Nde4 17. b4 bxc5 18. bxc5 Nxf2 19. Kxf2 Ng4+ 20. Kg1 Nxe3 21.
Qd3 Nxd1 22. Bxd1 f6 23. Bb3 Kh8 24. Nh4 Rce8 25. Qh3 Kg8 26. Bc2 f5 27. Nf3 e5
28. dxe5 Qxc5+ 29. Kh1 Qb4 30. Bb3 Qg4 31. Na4 Ba6 32. Nc5 Bc4 33. Re1 Bxb3 34.
Nxb3 Rb8 35. Ba3 Rfe8 36. Bd6 Rb6 37. Nfd4 Ra6 38. Re2 Ra4 39. Qxg4 fxg4 40.
Nxc6 Bf8 41. Nbd4 Rc4 42. g3 Bxd6 43. exd6 Rxe2 0-1

[Event "1. Bundesliga 2014/2015"]
[Site "Feffernitz, St. Veit/Glan, Mayrhofen"]
[Date "2015.02.27"]
[Round "6"]
[Board "6"]
[White "Kreisl, Robert"]
[Black "Hebesberger, Thomas"]
[Result "1-0"]
[WhiteElo "2421"]
[BlackElo "2338"]
[PlyCount "73"]
[EventDate "2014.11.20"]
[EventType "team"]
[EventRounds "11"]
[EventCountry "AUT"]
[WhiteTeam "Schachclub MPOE Maria Saal"]
[BlackTeam "SV Jacques Lemans St. Veit"]

1. d4 d6 2. Nf3 g6 3. c4 Bg7 4. Nc3 Nc6 5. d5 Nb8 6. e4 Bg4 7. h3 Bxf3 8. Qxf3
Nf6 9. Be2 O-O 10. g4 c6 11. h4 Nbd7 12. h5 Qa5 13. Bd2 Qb6 14. Rb1 Rfc8 15.
hxg6 fxg6 16. Qh3 Nf8 17. g5 Nh5 18. Bxh5 gxh5 19. Qxh5 Qd8 20. dxc6 bxc6 21.
Rh3 e5 22. Ne2 d5 23. Ng3 Qe8 24. Qxe8 Rxe8 25. cxd5 cxd5 26. exd5 Rad8 27. Ne4
Rxd5 28. Ra3 Re7 29. Rc1 Rb7 30. b4 Ne6 31. Ra6 Nf8 32. Rc8 Rf7 33. Be3 Rb5 34.
Nd6 Rxb4 35. Nxf7 Kxf7 36. Rxa7+ Kg6 37. Rc6+ 1-0

[Event "1. Bundesliga 2014/2015"]
[Site "Feffernitz, St. Veit/Glan, Mayrhofen"]
[Date "2015.02.27"]
[Round "6"]
[Board "1"]
[White "Luther, Thomas"]
[Black "Bauer, Christian"]
[Result "1-0"]
[WhiteElo "2570"]
[BlackElo "2651"]
[PlyCount "55"]
[EventDate "2014.11.20"]
[EventType "team"]
[EventRounds "11"]
[EventCountry "AUT"]
[WhiteTeam "SK Absam"]
[BlackTeam "Sparkasse Jenbach"]

1. e4 Nf6 2. e5 Nd5 3. c4 Nb6 4. c5 Nd5 5. Nc3 e6 6. Nxd5 exd5 7. d4 d6 8. cxd6
cxd6 9. Nf3 Nc6 10. Be2 Be7 11. O-O Qb6 12. b3 Bf5 13. Ba3 Rd8 14. Qd2 O-O 15.
Qf4 dxe5 16. Qxf5 g6 17. Qh3 Bxa3 18. dxe5 Kg7 19. Bd3 Nd4 20. Rad1 Bb2 21. Nh4
Nc6 22. e6 Rde8 23. Nf5+ gxf5 24. Bxf5 Rh8 25. Rxd5 Bf6 26. exf7 Re7 27. Be6
Rf8 28. Qg4+ 1-0

[Event "1. Bundesliga 2014/2015"]
[Site "Feffernitz, St. Veit/Glan, Mayrhofen"]
[Date "2015.02.27"]
[Round "6"]
[Board "2"]
[White "Schlosser, Philipp"]
[Black "Dizdar, Goran"]
[Result "1-0"]
[WhiteElo "2571"]
[BlackElo "2500"]
[PlyCount "63"]
[EventDate "2014.11.20"]
[EventType "team"]
[EventRounds "11"]
[EventCountry "AUT"]
[WhiteTeam "Sparkasse Jenbach"]
[BlackTeam "SK Absam"]

1. c4 e6 2. g3 d5 3. Bg2 Nf6 4. Nf3 Be7 5. O-O O-O 6. d4 c6 7. Qc2 b6 8. Nbd2
Ba6 9. b3 Nbd7 10. e4 c5 11. exd5 exd5 12. Bb2 Rc8 13. Qf5 Re8 14. Rfe1 g6 15.
Qf4 Nh5 16. Qe3 Ndf6 17. Ne5 Bb7 18. Ndf3 cxd4 19. Bxd4 Bd6 20. Qd3 dxc4 21.
Nxc4 Rxe1+ 22. Rxe1 Bc5 23. Rd1 Ng7 24. Bxf6 Qxf6 25. Qd7 Ba6 26. Nce5 Re8 27.
Qxa7 Be2 28. Ng4 Qe7 29. Rd7 Qe6 30. Nh6+ Kh8 31. Ng5 Bxf2+ 32. Kh1 1-0

[Event "1. Bundesliga 2014/2015"]
[Site "Feffernitz, St. Veit/Glan, Mayrhofen"]
[Date "2015.02.27"]
[Round "6"]
[Board "3"]
[White "Rotstein, Arkadij"]
[Black "Acs, Peter"]
[Result "1/2-1/2"]
[WhiteElo "2500"]
[BlackElo "2594"]
[PlyCount "72"]
[EventDate "2014.11.20"]
[EventType "team"]
[EventRounds "11"]
[EventCountry "AUT"]
[WhiteTeam "SK Absam"]
[BlackTeam "Sparkasse Jenbach"]

1. Nf3 d5 2. g3 Nf6 3. Bg2 c6 4. O-O Bg4 5. h3 Bh5 6. d3 e6 7. Qe1 Be7 8. e4
O-O 9. Nbd2 Na6 10. a3 Nd7 11. b4 Nc7 12. Bb2 a5 13. Nb3 axb4 14. axb4 Rxa1 15.
Qxa1 f6 16. c3 e5 17. Re1 Bf7 18. Nfd2 dxe4 19. dxe4 c5 20. bxc5 Nxc5 21. Nxc5
Bxc5 22. Nf1 Qd6 23. Bc1 Ra8 24. Qb1 Qc6 25. Ne3 Bf8 26. Rd1 Nb5 27. Bd2 Na3
28. Qb2 Rd8 29. Ra1 b5 30. Nd5 Nc4 31. Qc2 Bg6 32. Qa2 h6 33. Be3 Kh7 34. Qa7
Nxe3 35. Qxe3 Ra8 36. Rxa8 Qxa8 1/2-1/2

[Event "1. Bundesliga 2014/2015"]
[Site "Feffernitz, St. Veit/Glan, Mayrhofen"]
[Date "2015.02.27"]
[Round "6"]
[Board "4"]
[White "Shengelia, David"]
[Black "Deglmann, Ludwig"]
[Result "1-0"]
[WhiteElo "2560"]
[BlackElo "2374"]
[PlyCount "85"]
[EventDate "2014.11.20"]
[EventType "team"]
[EventRounds "11"]
[EventCountry "AUT"]
[WhiteTeam "Sparkasse Jenbach"]
[BlackTeam "SK Absam"]

1. b3 d5 2. Bb2 Bg4 3. g3 Nd7 4. Bg2 c6 5. Nf3 Ngf6 6. c4 e6 7. O-O Be7 8. d3
O-O 9. Nbd2 a5 10. a3 Qb6 11. Qc2 Bh5 12. Bc3 Rfc8 13. Rfe1 Qd8 14. b4 axb4 15.
axb4 c5 16. b5 d4 17. Bb2 Rxa1 18. Rxa1 Ra8 19. Qb1 Rxa1 20. Qxa1 Qb8 21. Nb3
b6 22. h3 h6 23. Bc1 Bd6 24. Qa6 Bg6 25. Nh2 e5 26. Nd2 Nf8 27. Ng4 N6h7 28.
Ba3 f5 29. Nh2 Nf6 30. Kf1 e4 31. dxe4 fxe4 32. Ng4 Nxg4 33. hxg4 e3 34. Bd5+
Kh8 35. fxe3 dxe3 36. Nf3 Bxg3 37. Bb2 Bh2 38. Qa3 Qg3 39. Qxe3 Qh3+ 40. Ke1
Bg3+ 41. Kd2 Bd6 42. Qc3 Bf4+ 43. Kd1 1-0

[Event "1. Bundesliga 2014/2015"]
[Site "Feffernitz, St. Veit/Glan, Mayrhofen"]
[Date "2015.02.27"]
[Round "6"]
[Board "5"]
[White "De Francesco, Klaus"]
[Black "Boensch, Uwe"]
[Result "0-1"]
[WhiteElo "2237"]
[BlackElo "2541"]
[PlyCount "74"]
[EventDate "2014.11.20"]
[EventType "team"]
[EventRounds "11"]
[EventCountry "AUT"]
[WhiteTeam "SK Absam"]
[BlackTeam "Sparkasse Jenbach"]

1. d4 d5 2. c4 e6 3. Nc3 Be7 4. Nf3 Nf6 5. Bg5 h6 6. Bh4 O-O 7. e3 b6 8. cxd5
Nxd5 9. Bxe7 Qxe7 10. Rc1 Bb7 11. Be2 Rc8 12. O-O c5 13. Qa4 Nd7 14. Qa3 a5 15.
dxc5 Nxc5 16. Nxd5 Bxd5 17. Nd4 e5 18. Nf5 Qe6 19. Bg4 Be4 20. Nxh6+ Qxh6 21.
Bxc8 Rxc8 22. b4 axb4 23. Qxb4 Qg6 24. f3 Bd3 25. Rf2 e4 26. f4 Rc6 27. Qa3 Na4
28. Rxc6 Qxc6 29. h3 Nc3 30. Qe7 f6 31. Rb2 Nd5 32. Qd8+ Kh7 33. Kh2 b5 34. a4
b4 35. a5 Nxe3 36. Qb6 Qc1 37. Qe6 Qxb2 0-1

[Event "1. Bundesliga 2014/2015"]
[Site "Feffernitz, St. Veit/Glan, Mayrhofen"]
[Date "2015.02.27"]
[Round "6"]
[Board "6"]
[White "Lehner, Oliver"]
[Black "Duer, Werner"]
[Result "1-0"]
[WhiteElo "2425"]
[BlackElo "2277"]
[PlyCount "79"]
[EventDate "2014.11.20"]
[EventType "team"]
[EventRounds "11"]
[EventCountry "AUT"]
[WhiteTeam "Sparkasse Jenbach"]
[BlackTeam "SK Absam"]

1. e4 c6 2. d4 d5 3. e5 Bf5 4. Nf3 e6 5. Be2 c5 6. Be3 cxd4 7. Nxd4 Ne7 8. Nd2
Nbc6 9. N2f3 Bg4 10. O-O Bxf3 11. Nxf3 Nf5 12. Bf4 Bc5 13. Bd3 Nfe7 14. Qe2 h6
15. Rad1 Qc7 16. c4 g5 17. Bg3 O-O-O 18. Rc1 d4 19. a3 a5 20. Rce1 Nf5 21. h3
Rdg8 22. Bh2 Nh4 23. Nxh4 gxh4 24. f4 Ne7 25. Qh5 Qd7 26. Qxf7 Rf8 27. Qh5 Nf5
28. b4 axb4 29. axb4 Bxb4 30. Rb1 Bc5 31. Be4 d3+ 32. Kh1 Qd4 33. Bxb7+ Kd8 34.
Ba6 Qe4 35. Rfe1 Ne3 36. Rxe3 Bxe3 37. Qxh4+ Kd7 38. Bb5+ Kc8 39. Qe7 Qb7 40.
Qxe6+ 1-0

[Event "1. Bundesliga 2014/2015"]
[Site "Feffernitz, St. Veit/Glan, Mayrhofen"]
[Date "2015.02.28"]
[Round "7"]
[Board "1"]
[White "Bauer, Christian"]
[Black "Haba, Petr"]
[Result "1/2-1/2"]
[WhiteElo "2651"]
[BlackElo "2512"]
[PlyCount "108"]
[EventDate "2014.11.20"]
[EventType "team"]
[EventRounds "11"]
[EventCountry "AUT"]
[WhiteTeam "Sparkasse Jenbach"]
[BlackTeam "Spk. Grieskirchen/Schallerbach"]

1.Nf3 d5 2.c4 e6 3.d4 Nf6 4.Nc3 Be7 5.Bg5 h6 6.Bh4 O-O 7.e3 Ne4 8.Bxe7 Qxe7 9.Rc1
c6 10.h4 Nxc3 11.Rxc3 g6 12.g4 Nd7 13.g5 h5 14.cxd5 cxd5 15.Qb3 Nb6 16.Ne5 Bd7 17.Qa3
Qxa3 18.Rxa3 Rfc8 19.Kd2 Be8 20.Be2 Kf8 21.Rb1 Rc7 22.Rc3 Rac8 23.Rbc1 Na8 24.f3 Ke7
25.e4 Kd6 26.exd5 exd5 27.f4 Rxc3 28.bxc3 Nb6 29.f5 Nd7 30.Re1 Nxe5 31.dxe5+ Ke7 32.f6+
Kd8 33.Rb1 b6 34.Bf3 Rc5 35.Bg2 Bd7 36.Rb4 Be6 37.Rd4 Kc7 38.a4 b5 39.Bf1 bxa4 40.Rxa4
a5 41.Kd3 Rb5 42.Kd4 Rb1 43.Bd3 Rd1 44.Rxa5 Bf5 45.Kc5 Rxd3 46.Ra7+ Kd8 47.Rxf7 Rxc3+
48.Kd6 Ke8 49.e6 Re3 50.Re7+ Kf8 51.Rf7+ Ke8 52.Re7+ Kf8 53.Rf7+ Ke8 54.Re7+ Kf8 1/2-1/2